[Event "Capablanca Memorial op 44th"]
[Site "Havana"]
[Date "2009.06.18"]
[Round "10"]
[White "Larduet Despaigne, Carlos"]
[Black "Abreu Delgado, Aryam"]
[Result "0-1"]
[WhiteElo "2326"]
[BlackElo "2487"]
[PlyCount "128"]
[EventDate "2009.06.08"]
[EventType "swiss"]
[EventRounds "10"]
[EventCountry "CUB"]
[SourceTitle "CBM 130 Extra"]
[Source "ChessBase"]
[SourceDate "2009.07.02"]
[SourceVersion "2"]
[SourceVersionDate "2009.07.15"]
[SourceQuality "1"]

1. Nf3 c5 2. c4 Nc6 3. b3 e5 4. d3 g6 5. Bb2 Bg7 6. e3 Nge7 7. Nc3 0-0 8. Be2 d5 9. cxd5 Nxd5 10. Rc1 b6 11. 0-0 Bb7 12. Qc2 Re8 13. Rfd1 Rc8 14. Nxd5 Qxd5 15. Qb1 Rcd8 16. Bf1 Bc8 17. Bc3 Bg4 18. Be2 Nd4 19. Nxd4 exd4 20. Bxg4 dxc3 21. Bf3 Qd6 22. a4 a6 23. Qc2 h5 24. Be2 h4 25. h3 Qb8 26. b4 cxb4 27. d4 a5 28. Bc4 Qd6 29. Bb3 Re7 30. Qe2 Bf6 31. Qb5 Kg7 32. Rd3 Rh8 33. Rdd1 Rh5 34. Qd3 Bg5 35. Rc2 f5 36. Re2 Rh8 37. e4 fxe4 38. Rxe4 Rhe8 39. Rde1 Rxe4 40. Rxe4 Rxe4 41. Qxe4 Bf6 42. d5 Qe5 43. Qxe5 Bxe5 44. Kf1 Kf7 45. Ke2 Bd4 46. f4 Ke7 47. Kd3 Bf2 48. Kc4 Kd6 49. Bc2 Bg3 50. Bxg6 Bxf4 51. Bc2 Bg3 52. Bb3 Bf2 53. Bc2 Ke5 54. Kd3 Kxd5 55. Bb3+ Kc5 56. Bc2 Bg3 57. Bb3 Be5 58. Ke4 Bf6 59. Kd3 b5 60. Bd1 b3 61. Bxb3 Kb4 62. Bd1 bxa4 63. Kc2 a3 64. Kb1 Kc4 0-1

[Event "Capablanca Memorial op 44th"]
[Site "Havana"]
[Date "2009.06.11"]
[Round "4"]
[White "Figueroa, Marco Alexander"]
[Black "Larduet Despaigne, Carlos"]
[Result "1/2-1/2"]
[WhiteElo "2195"]
[BlackElo "2326"]
[PlyCount "48"]
[EventDate "2009.06.08"]
[EventType "swiss"]
[EventRounds "10"]
[EventCountry "CUB"]
[SourceTitle "CBM 130 Extra"]
[Source "ChessBase"]
[SourceDate "2009.07.02"]
[SourceVersion "2"]
[SourceVersionDate "2009.07.15"]
[SourceQuality "1"]

1. e4 c5 2. Nf3 d6 3. Bb5+ Nd7 4. d4 Ngf6 5. Nc3 cxd4 6. Qxd4 a6 7. Bxd7+ Nxd7 8. e5 dxe5 9. Nxe5 f6 10. Nxd7 Qxd7 11. Qe4 Qe6 12. Be3 Qxe4 13. Nxe4 Bf5 14. f3 Rc8 15. 0-0-0 e5 16. Rd3 Be7 17. Rhd1 h5 18. Rc3 Kf7 19. Bb6 Bxe4 20. Rxc8 Rxc8 21. fxe4 Ke6 22. c3 g6 23. Kd2 f5 24. Ke2 f4 1/2-1/2

[Event "Capablanca Memorial op 44th"]
[Site "Havana"]
[Date "2009.06.09"]
[Round "2"]
[White "Trujillo Villega, Pablo Adrian"]
[Black "Larduet Despaigne, Carlos"]
[Result "1-0"]
[WhiteElo "2209"]
[BlackElo "2326"]
[PlyCount "45"]
[EventDate "2009.06.08"]
[EventType "swiss"]
[EventRounds "10"]
[EventCountry "CUB"]
[SourceTitle "CBM 130 Extra"]
[Source "ChessBase"]
[SourceDate "2009.07.02"]
[SourceVersion "2"]
[SourceVersionDate "2009.07.15"]
[SourceQuality "1"]

1. e4 c5 2. Nf3 e6 3. d4 cxd4 4. Nxd4 a6 5. Bd3 Bc5 6. Nb3 Be7 7. 0-0 Qc7 8. a4 Nf6 9. f4 d6 10. a5 0-0 11. Be3 Nc6 12. N1d2 e5 13. Bb6 Qb8 14. fxe5 dxe5 15. Nc4 Be6 16. Nc5 Bxc4 17. Bxc4 Rd8 18. Nd3 Rf8 19. Qe2 Bd8 20. Bc5 Nxa5 21. Bxf8 Nxc4 22. Bc5 Nb6 23. Rxf6 1-0

[Event "Moncada op 6th"]
[Site "Santiago de Cuba"]
[Date "2009.05.20"]
[Round "5"]
[White "Larduet Despaigne, Carlos"]
[Black "Leyva Rivera, Yunier"]
[Result "1/2-1/2"]
[WhiteElo "2350"]
[BlackElo "2375"]
[PlyCount "43"]
[EventDate "2009.05.16"]
[EventType "swiss"]
[EventRounds "9"]
[EventCountry "CUB"]
[SourceTitle "CBM 130 Extra"]
[Source "ChessBase"]
[SourceDate "2009.07.02"]
[SourceVersion "2"]
[SourceVersionDate "2009.07.15"]
[SourceQuality "1"]

1. e4 c5 2. Nf3 d6 3. Bb5+ Bd7 4. Bxd7+ Nxd7 5. c4 Ngf6 6. Nc3 e6 7. 0-0 Be7 8. d4 cxd4 9. Nxd4 0-0 10. b3 a6 11. Bb2 Re8 12. Kh1 Bf8 13. Qe2 g6 14. Rad1 Qc7 15. f4 Bg7 16. Nf3 Rad8 17. Ba1 Nc5 18. e5 dxe5 19. Nxe5 Rxd1 20. Rxd1 Rd8 21. Rxd8+ Qxd8 22. b4 1/2-1/2

[Event "Moncada op 6th"]
[Site "Santiago de Cuba"]
[Date "2009.05.16"]
[Round "1"]
[White "Larduet Despaigne, Carlos"]
[Black "Corrales Jimenez, Zenia"]
[Result "1-0"]
[WhiteElo "2350"]
[BlackElo "2245"]
[PlyCount "47"]
[EventDate "2009.05.16"]
[EventType "swiss"]
[EventRounds "9"]
[EventCountry "CUB"]
[SourceTitle "CBM 130 Extra"]
[Source "ChessBase"]
[SourceDate "2009.07.02"]
[SourceVersion "2"]
[SourceVersionDate "2009.07.15"]
[SourceQuality "1"]

1. e4 c5 2. Nf3 d6 3. Bb5+ Nc6 4. 0-0 Bd7 5. c3 Nf6 6. Re1 a6 7. Bf1 Bg4 8. h3 Bxf3 9. Qxf3 g6 10. Na3 Bg7 11. Nc2 Nd7 12. Qd1 Qb6 13. b3 0-0 14. Bb2 e5 15. Ne3 Kh8 16. Qc2 Qd8 17. a4 Qg5 18. Nc4 Qe7 19. Qd3 b5 20. axb5 axb5 21. Nxd6 Na5 22. Nxb5 Nxb3 23. Rxa8 Rxa8 24. Qd5 1-0

[Event "Capablanca Memorial op 43rd"]
[Site "Havana"]
[Date "2008.05.17"]
[Round "10"]
[White "Larduet Despaigne, Carlos"]
[Black "Valdes Romero, Leonardo"]
[Result "1/2-1/2"]
[WhiteElo "2337"]
[BlackElo "2409"]
[PlyCount "20"]
[EventDate "2008.05.08"]
[EventType "swiss"]
[EventRounds "10"]
[EventCountry "CUB"]
[SourceTitle "CBM 124 Extra"]
[Source "ChessBase"]
[SourceDate "2008.07.03"]
[SourceVersion "1"]
[SourceVersionDate "2008.07.03"]
[SourceQuality "1"]

1. d4 d6 2. c4 Nf6 3. Nc3 g6 4. e4 Bg7 5. f3 0-0 6. Nge2 c5 7. d5 e6 8. Ng3 exd5 9. cxd5 a6 10. a4 Nbd7 1/2-1/2